| 000 | 00542nam a22001577a 4500 | ||
|---|---|---|---|
| 008 | 150309b xxu||||| |||| 00| 0 eng d | ||
| 020 | _a0315626593 | ||
| 050 | _aSPC DT1.T45 V872 | ||
| 100 |
_aVoaden, Rosalynn Jean _916008 |
||
| 245 |
_aArticulating ecstasy: _bimage and allegory in the booke of gostlye Grace of mechtild of Hackeborn _c/by Rosalynn Jean Voaden |
||
| 260 |
_aVictoria _bUniversity of Victoria _c1990 |
||
| 300 |
_avii, 114p. ; _c28cm. |
||
| 500 | _aThesis | ||
| 650 |
_aMechtild of Hackeborn _916009 |
||
| 942 |
_2lcc _cSPC |
||
| 999 |
_c122342 _d122342 |
||